| 000 | 00758naa a22002297u 4500 | ||
|---|---|---|---|
| 001 | 18541 | ||
| 003 | HDC | ||
| 007 | cr bn ---aaaaa | ||
| 008 | 210227t201001 xx 000 0 eng | ||
| 040 | _aHDC | ||
| 245 | 0 | _aISU KAPSUL HALAL | |
| 260 |
_a[No place] : _b[publisher not identified], _c[no year] |
||
| 336 |
_atext _2rdacontent |
||
| 337 |
_acomputer _2rdamedia |
||
| 338 |
_aonline resource _2rdacarrier |
||
| 650 |
_aHalal food industry _zMalaysia _9218 |
||
| 650 |
_aMedicine _xReligious aspects _xIslam _91483 |
||
| 856 | _zRequest full-text at [email protected] | ||
| 942 | _2lcc | ||
| 942 | _cEIJ | ||
| 942 | _kEMAG 000687 | ||
| 999 |
_c15857 _d15857 |
||